00581nam a22002057a 450000100060000000300080000600500170001400800410003103500190007204000260009104100080011708200180012510000290014324500670017225000110023926000470025030000360029750400190033365000230035220352BD-RjUL20211209000544.0140227s1972 ii |||| |||| 001 0 eng d a(BD-RjUL)20414 aBD-RjULbengcBD-RjUL aeng04a336bGAP 19721 a Ganguly, Subrata M.A.0 aPublic finance : ba normative approach /cby Subrata Ganguly. a4th ed aCalcutta :b Nababharat Publishers, c1972 axii, 300 p. : bill. ; c23 cm. aIncludes Index 0a Finance, Public.